[Event "Madrid ch 2018 - semifinal"]
[Site "Madrid ESP"]
[Date "2018.05.11"]
[Round "7.19"]
[White "Cardena Contreras, Javier"]
[Black "Garcia Serrano, Jose Manuel"]
[Result "0-1"]
[WhiteElo "1909"]
[BlackElo "1961"]
[PlyCount "60"]
[EventDate "2018.05.05"]
[EventType "swiss"]
[EventRounds "9"]
[EventCountry "ESP"]
[SourceTitle "Ajedrez en Madrid"]
[Source "lmi"]
[SourceDate "2018.05.05"]
[SourceVersion "1"]
[SourceVersionDate "2019.03.14"]
[SourceQuality "1"]

1. e4 e5 2. Bc4 Nf6 3. Nc3 Nc6 4. Nf3 Bc5 5. d3 h6 6. a3 d6 7. h3 Bb6 8. O-O g5
9. Bxg5 hxg5 10. Nxg5 Be6 11. Nxe6 fxe6 12. Bxe6 Qe7 13. Bf5 Nd4 14. Bg6+ Kd8
15. Na4 Qg7 16. Nxb6 cxb6 17. c3 Ne6 18. Bf5 Nf4 19. Qf3 Kc7 20. Kh2 Rag8 21.
g3 Nxh3 22. Bxh3 Ng4+ 23. Kg2 Rxh3 24. Rh1 Nxf2 25. Rxh3 Nxh3 26. Kxh3 Qh6+ 27.
Kg2 Rf8 28. Qe2 Rh8 29. Re1 Qh3+ 30. Kg1 Qxg3+ 0-1

[Event "Madrid ch 2018 - semifinal"]
[Site "Madrid ESP"]
[Date "2018.05.11"]
[Round "7.20"]
[White "Vazquez Gonzalez, Jesus"]
[Black "Vukotic Jovsic, Dragan"]
[Result "1-0"]
[WhiteElo "1977"]
[BlackElo "1958"]
[PlyCount "63"]
[EventDate "2018.05.05"]
[EventType "swiss"]
[EventRounds "9"]
[EventCountry "ESP"]
[SourceTitle "Ajedrez en Madrid"]
[Source "lmi"]
[SourceDate "2018.05.05"]
[SourceVersion "1"]
[SourceVersionDate "2019.03.14"]
[SourceQuality "1"]

1. e4 c5 2. Nc3 e6 3. a3 a6 4. Bc4 b5 5. Ba2 Bb7 6. d3 Nc6 7. Nf3 Be7 8. O-O d6
9. Re1 Nf6 10. h3 O-O 11. e5 dxe5 12. Nxe5 Nxe5 13. Rxe5 Qd4 14. Re1 Qh4 15.
Be3 Bd6 16. Qe2 Rac8 17. Rad1 Rfd8 18. Nb1 c4 19. dxc4 bxc4 20. Rd4 Bh2+ 21.
Kxh2 Rxd4 22. Bxd4 Qxd4 23. c3 Qf4+ 24. g3 Qc7 25. Nd2 Qc6 26. f3 h5 27. h4 Qb5
28. Nxc4 Bxf3 29. Qxf3 Ng4+ 30. Kg2 Rxc4 31. Bxc4 Qxc4 32. Qa8+ 1-0

[Event "Madrid ch 2018 - semifinal"]
[Site "Madrid ESP"]
[Date "2018.05.12"]
[Round "8.1"]
[White "Aguilera Lopez, Alejandro"]
[Black "Martinez Fernandez, Raul"]
[Result "1-0"]
[WhiteElo "2098"]
[BlackElo "2176"]
[PlyCount "117"]
[EventDate "2018.05.05"]
[EventType "swiss"]
[EventRounds "9"]
[EventCountry "ESP"]
[SourceTitle "Ajedrez en Madrid"]
[Source "lmi"]
[SourceDate "2018.05.05"]
[SourceVersion "1"]
[SourceVersionDate "2019.03.14"]
[SourceQuality "1"]

1. d4 d5 2. Nf3 Nf6 3. e3 Bf5 4. c4 c6 5. Nc3 a6 6. cxd5 cxd5 7. Qb3 Ra7 8. Bd2
e6 9. Nh4 Bg4 10. h3 Bh5 11. g4 Bg6 12. Nxg6 hxg6 13. Bg2 Nc6 14. Na4 Bd6 15.
Rc1 Nd7 16. Nc5 Nxc5 17. dxc5 Bc7 18. Bc3 O-O 19. O-O Qg5 20. Rcd1 Qe7 21. e4
d4 22. Bxd4 Nxd4 23. Rxd4 Qxc5 24. Qc4 Qe5 25. f4 Qa5 26. b4 Qb6 27. Kh1 Bxf4
28. Rd7 e5 29. Rfd1 Raa8 30. Qc5 Qxc5 31. bxc5 Rfc8 32. R1d5 Rab8 33. Bf1 b6
34. Bxa6 Rxc5 35. Rxc5 bxc5 36. Bc4 Rb2 37. Bxf7+ Kh7 38. Rd6 Rh2+ 39. Kg1 Rd2
40. Rc6 Be3+ 41. Kh1 Rf2 42. Bxg6+ Kg8 43. h4 Rf6 44. Rc8+ Rf8 45. Bh7+ Kf7 46.
Rc7+ Ke8 47. Bf5 Rf6 48. Rxg7 Ra6 49. Rc7 Rxa2 50. g5 Ra1+ 51. Kh2 Bf4+ 52. Kg2
Ra2+ 53. Kf3 Rh2 54. g6 Bh6 55. g7 Bxg7 56. Rxg7 Rxh4 57. Rc7 c4 58. Rxc4 Ke7
59. Rc6 1-0

[Event "Madrid ch 2018 - semifinal"]
[Site "Madrid ESP"]
[Date "2018.05.12"]
[Round "8.2"]
[White "Lin, Yingrui"]
[Black "Torres Boch, Jose Francisco"]
[Result "0-1"]
[WhiteElo "2188"]
[BlackElo "2137"]
[PlyCount "78"]
[EventDate "2018.05.05"]
[EventType "swiss"]
[EventRounds "9"]
[EventCountry "ESP"]
[SourceTitle "Ajedrez en Madrid"]
[Source "lmi"]
[SourceDate "2018.05.05"]
[SourceVersion "1"]
[SourceVersionDate "2019.03.14"]
[SourceQuality "1"]

1. Nf3 Nf6 2. g3 b5 3. Bg2 Bb7 4. O-O c5 5. d3 d6 6. e4 e5 7. Na3 Qb6 8. c3 g6
9. Nc2 Bg7 10. Ne3 O-O 11. h3 Nbd7 12. Nh2 Rae8 13. a4 a6 14. g4 Kh8 15. g5 Nh5
16. Nf5 f6 17. h4 fxg5 18. hxg5 Nf4 19. Nxg7 Kxg7 20. Qg4 Re7 21. Bxf4 Rxf4 22.
Qg3 bxa4 23. Bh3 Bc6 24. Rab1 Ref7 25. Be6 Rf8 26. Qh3 Qd8 27. Qh6+ Kh8 28. Kg2
Qe7 29. Ba2 Nb6 30. f3 d5 31. Rbe1 c4 32. Bb1 dxe4 33. dxe4 Bd7 34. Rf2 Nc8 35.
Rd1 Be6 36. Rfd2 Qc7 37. Rf2 Ne7 38. Nf1 Bg4 39. Nd2 Bh5 0-1

[Event "Madrid ch 2018 - semifinal"]
[Site "Madrid ESP"]
[Date "2018.05.12"]
[Round "8.3"]
[White "Rodrigo Yanguas, Maria"]
[Black "Garcia Dorado, Alberto"]
[Result "1/2-1/2"]
[WhiteElo "2054"]
[BlackElo "2129"]
[PlyCount "90"]
[EventDate "2018.05.05"]
[EventType "swiss"]
[EventRounds "9"]
[EventCountry "ESP"]
[SourceTitle "Ajedrez en Madrid"]
[Source "lmi"]
[SourceDate "2018.05.05"]
[SourceVersion "1"]
[SourceVersionDate "2019.03.14"]
[SourceQuality "1"]

1. e4 e6 2. d4 d5 3. e5 c5 4. c3 Nc6 5. Nf3 Bd7 6. a3 f6 7. Bd3 Qc7 8. Qe2 c4
9. Bc2 O-O-O 10. O-O h6 11. b3 cxb3 12. Bxb3 f5 13. a4 Na5 14. Bc2 Kb8 15. Na3
g5 16. Bb2 Ne7 17. Nd2 Nc8 18. c4 Bxa3 19. Bxa3 Nxc4 20. Nxc4 dxc4 21. Bc5 Bc6
22. Qxc4 Qd7 23. Rfb1 h5 24. Bb3 Rh6 25. a5 h4 26. Ba4 Bxa4 27. Rxa4 Qd5 28.
Rab4 Rh7 29. Qxd5 Rxd5 30. h3 Rc7 31. g3 hxg3 32. fxg3 Rdd7 33. Kg2 Ka8 34. Rh1
b6 35. axb6 axb6 36. Bxb6 Nxb6 37. Rxb6 Rc2+ 38. Kf3 Ra7 39. Rhb1 Raa2 40. Rb8+
Ka7 41. R1b7+ Ka6 42. Rb6+ Ka7 43. R6b7+ Ka6 44. Rb6+ Ka7 45. R6b7+ Ka6 1/2-1/2

[Event "Madrid ch 2018 - semifinal"]
[Site "Madrid ESP"]
[Date "2018.05.12"]
[Round "8.4"]
[White "De La Fuente Gonzalez, Francisco"]
[Black "Andrade Sandoval, Jim Carlos"]
[Result "1-0"]
[WhiteElo "2213"]
[BlackElo "2032"]
[PlyCount "75"]
[EventDate "2018.05.05"]
[EventType "swiss"]
[EventRounds "9"]
[EventCountry "ESP"]
[SourceTitle "Ajedrez en Madrid"]
[Source "lmi"]
[SourceDate "2018.05.05"]
[SourceVersion "1"]
[SourceVersionDate "2019.03.14"]
[SourceQuality "1"]

1. Nf3 d5 2. c4 e6 3. b3 Nf6 4. Bb2 Nbd7 5. e3 c6 6. Be2 Bd6 7. d4 Ne4 8. O-O
Qf6 9. Nbd2 Qh6 10. Qc2 Ndf6 11. Nxe4 Nxe4 12. g3 O-O 13. Nd2 f5 14. f4 Nf6 15.
Nf3 Bd7 16. a4 Be8 17. Ba3 Bxa3 18. Rxa3 Ne4 19. Bd3 Nf6 20. Ne5 Bh5 21. b4 Kh8
22. c5 g5 23. b5 Be8 24. Qf2 Rg8 25. bxc6 bxc6 26. Rb3 gxf4 27. exf4 Rg7 28.
Rfb1 Nh5 29. Rb8 Rxb8 30. Rxb8 Nf6 31. Nxc6 Rg8 32. Ne5 Qh5 33. Be2 Qh3 34. c6
Ne4 35. Qg2 Qxg2+ 36. Kxg2 Nd6 37. Rd8 Nc4 38. c7 1-0

[Event "Madrid ch 2018 - semifinal"]
[Site "Madrid ESP"]
[Date "2018.05.12"]
[Round "8.5"]
[White "Iagar, Razvan-Gabriel"]
[Black "Barragan Arriaza, Pablo"]
[Result "1/2-1/2"]
[WhiteElo "2213"]
[BlackElo "2030"]
[PlyCount "43"]
[EventDate "2018.05.05"]
[EventType "swiss"]
[EventRounds "9"]
[EventCountry "ESP"]
[SourceTitle "Ajedrez en Madrid"]
[Source "lmi"]
[SourceDate "2018.05.05"]
[SourceVersion "1"]
[SourceVersionDate "2019.03.14"]
[SourceQuality "1"]

1. d4 d5 2. c4 e6 3. cxd5 exd5 4. Nc3 Nf6 5. Bg5 Be7 6. Qc2 O-O 7. e3 c6 8. Bd3
h6 9. Bh4 Re8 10. Nf3 Nbd7 11. O-O Nh5 12. Bxe7 Qxe7 13. Rab1 Nhf6 14. Rfc1 Ne4
15. b4 a6 16. Na4 b5 17. Nc5 Ndxc5 18. bxc5 f6 19. Re1 Ra7 20. Nd2 Nxd2 21.
Qxd2 f5 22. a3 1/2-1/2

[Event "Madrid ch 2018 - semifinal"]
[Site "Madrid ESP"]
[Date "2018.05.12"]
[Round "8.6"]
[White "Lopez De Turiso, Jose Angel"]
[Black "Nuñez Muñoz, Jesus"]
[Result "0-1"]
[WhiteElo "2022"]
[BlackElo "2193"]
[PlyCount "82"]
[EventDate "2018.05.05"]
[EventType "swiss"]
[EventRounds "9"]
[EventCountry "ESP"]
[SourceTitle "Ajedrez en Madrid"]
[Source "lmi"]
[SourceDate "2018.05.05"]
[SourceVersion "1"]
[SourceVersionDate "2019.03.14"]
[SourceQuality "1"]

1. d4 Nf6 2. c4 e6 3. Nc3 Bb4 4. Bg5 h6 5. Bh4 c5 6. d5 Bxc3+ 7. bxc3 d6 8. e3
Qe7 9. Nf3 e5 10. Nd2 Nbd7 11. Be2 Nf8 12. Bxf6 Qxf6 13. Bg4 Nd7 14. O-O O-O
15. e4 Qe7 16. Qe2 Rb8 17. Rfb1 g6 18. Bxd7 Bxd7 19. a4 f5 20. a5 f4 21. f3 g5
22. g4 fxg3 23. hxg3 g4 24. Qe3 gxf3 25. Nxf3 Kg7 26. Kg2 Bg4 27. Nh4 Rf6 28.
Rb2 Qd7 29. Rab1 Bh3+ 30. Kh2 Rf7 31. Rf2 Rxf2+ 32. Qxf2 Rf8 33. Qe2 Bg4 34.
Qe3 Rf7 35. Kg2 Qa4 36. Rb2 Qxc4 37. Rf2 Rxf2+ 38. Kxf2 Qa2+ 39. Kg1 Qxa5 40.
Qf2 Qxc3 41. Nf5+ Bxf5 0-1

[Event "Madrid ch 2018 - semifinal"]
[Site "Madrid ESP"]
[Date "2018.05.12"]
[Round "8.7"]
[White "Pindado Campos, Raul"]
[Black "Mkrtchyan, Levon"]
[Result "0-1"]
[WhiteElo "2018"]
[BlackElo "2141"]
[PlyCount "80"]
[EventDate "2018.05.05"]
[EventType "swiss"]
[EventRounds "9"]
[EventCountry "ESP"]
[SourceTitle "Ajedrez en Madrid"]
[Source "lmi"]
[SourceDate "2018.05.05"]
[SourceVersion "1"]
[SourceVersionDate "2019.03.14"]
[SourceQuality "1"]

1. d4 Nf6 2. c4 c5 3. d5 b5 4. cxb5 a6 5. b6 d6 6. Nc3 Nbd7 7. e4 Nxb6 8. Nf3
g6 9. a4 Rb8 10. Bd2 Bg7 11. Rb1 O-O 12. Be2 Na8 13. O-O Nc7 14. Qc2 Bg4 15.
Nd1 Nxe4 16. Ba5 Nf6 17. Ne3 Bxf3 18. Bxf3 Qc8 19. b4 Nd7 20. Rfe1 Ne8 21. Bg4
Nef6 22. Bh3 cxb4 23. Qc6 Qe8 24. Nc4 Nc5 25. Bc7 Ra8 26. Nb6 Ra7 27. Nd7 Ncxd7
28. Bxd6 Qa8 29. Rxe7 Rc8 30. Rc1 Rxc6 31. dxc6 Nb6 32. Rxa7 Qxa7 33. c7 h5 34.
a5 Nc8 35. Bxc8 Ne8 36. Bf4 b3 37. Be6 Nxc7 38. Bxb3 Ne6 39. Bg3 Qd4 40. Kh1
Qb2 0-1

[Event "Madrid ch 2018 - semifinal"]
[Site "Madrid ESP"]
[Date "2018.05.12"]
[Round "8.9"]
[White "Baeza Escudero, Javier"]
[Black "Gonzalez Rivera, Eduardo"]
[Result "0-1"]
[WhiteElo "1913"]
[BlackElo "2047"]
[PlyCount "32"]
[EventDate "2018.05.05"]
[EventType "swiss"]
[EventRounds "9"]
[EventCountry "ESP"]
[SourceTitle "Ajedrez en Madrid"]
[Source "lmi"]
[SourceDate "2018.05.05"]
[SourceVersion "1"]
[SourceVersionDate "2019.03.14"]
[SourceQuality "1"]

1. e4 e5 2. Nf3 Nc6 3. d4 exd4 4. Nxd4 Nf6 5. Nxc6 bxc6 6. e5 Qe7 7. Qe2 Nd5 8.
c4 Nb6 9. Nd2 Ba6 10. b3 O-O-O 11. Nf3 Qe6 12. Bd2 Ba3 13. Bc3 Qe7 14. Kd1 d5
15. exd6 Qxd6+ 16. Kc2 Qg6+ 0-1

[Event "Madrid ch 2018 - semifinal"]
[Site "Madrid ESP"]
[Date "2018.05.12"]
[Round "8.10"]
[White "Paarup, Torsten"]
[Black "Spitzer Isbert, Ramon"]
[Result "1-0"]
[WhiteElo "2007"]
[BlackElo "2019"]
[PlyCount "93"]
[EventDate "2018.05.05"]
[EventType "swiss"]
[EventRounds "9"]
[EventCountry "ESP"]
[SourceTitle "Ajedrez en Madrid"]
[Source "lmi"]
[SourceDate "2018.05.05"]
[SourceVersion "1"]
[SourceVersionDate "2019.03.14"]
[SourceQuality "1"]

1. e4 Nf6 2. e5 Nd5 3. d4 d6 4. Bc4 Nb6 5. Bb3 Qd7 6. Nf3 d5 7. O-O Nc6 8. c3
Nd8 9. Qe2 g6 10. Be3 Bg7 11. Nbd2 O-O 12. Ne1 Qg4 13. f3 Qh5 14. Qf2 Bh6 15.
Nd3 Bxe3 16. Qxe3 c6 17. Nf4 Qf5 18. g4 Qd7 19. Rae1 a5 20. Re2 Ne6 21. Nd3 a4
22. Bc2 Nc4 23. Nxc4 dxc4 24. Nf2 Nc7 25. a3 Kh8 26. Ne4 b6 27. h4 Ra5 28. Qh6
Rg8 29. Ng5 Rg7 30. Nxh7 Kg8 31. Ng5 Ne6 32. Rd1 Rd5 33. Nxe6 Qxe6 34. Qe3 Rh7
35. h5 c5 36. hxg6 fxg6 37. Qg5 cxd4 38. cxd4 Qd7 39. Qxg6+ Rg7 40. Qe4 Bb7 41.
Qe3 Rb5 42. Bxa4 Rxg4+ 43. Kf2 Rg2+ 44. Kxg2 Qg4+ 45. Kf2 Qh4+ 46. Kg1 Ra5 47.
Rh2 1-0

[Event "Madrid ch 2018 - semifinal"]
[Site "Madrid ESP"]
[Date "2018.05.12"]
[Round "8.12"]
[White "Fernandez Lledo, Javier"]
[Black "Camarero Izquierdo, Juan Carlos"]
[Result "1-0"]
[WhiteElo "2241"]
[BlackElo "1911"]
[PlyCount "63"]
[EventDate "2018.05.05"]
[EventType "swiss"]
[EventRounds "9"]
[EventCountry "ESP"]
[SourceTitle "Ajedrez en Madrid"]
[Source "lmi"]
[SourceDate "2018.05.05"]
[SourceVersion "1"]
[SourceVersionDate "2019.03.14"]
[SourceQuality "1"]

1. e4 c6 2. d4 d5 3. e5 Bf5 4. Nf3 e6 5. Be2 Bg4 6. O-O Nd7 7. Ng5 Bxe2 8. Qxe2
Be7 9. f4 Bxg5 10. fxg5 Ne7 11. Qf2 Rf8 12. b3 b6 13. Ba3 c5 14. dxc5 Nxe5 15.
Nc3 bxc5 16. Bxc5 a6 17. Rad1 Qc7 18. h3 Rc8 19. b4 f5 20. Rfe1 Rf7 21. Qe2
N7g6 22. h4 Ng4 23. Qxe6+ Ne7 24. Rd4 Qh2+ 25. Kf1 Qh1+ 26. Ke2 Qxg2+ 27. Kd1
Nf2+ 28. Kc1 Ne4 29. Bxe7 Rxc3 30. Bc5+ Kd8 31. Rxd5+ Kc7 32. Qb6+ 1-0

[Event "Madrid ch 2018 - semifinal"]
[Site "Madrid ESP"]
[Date "2018.05.12"]
[Round "8.13"]
[White "Perez Diez, Victor"]
[Black "Ruiz Quevedo, Andres"]
[Result "1-0"]
[WhiteElo "1964"]
[BlackElo "1895"]
[PlyCount "103"]
[EventDate "2018.05.05"]
[EventType "swiss"]
[EventRounds "9"]
[EventCountry "ESP"]
[SourceTitle "Ajedrez en Madrid"]
[Source "lmi"]
[SourceDate "2018.05.05"]
[SourceVersion "1"]
[SourceVersionDate "2019.03.14"]
[SourceQuality "1"]

1. e4 e6 2. d3 c5 3. Nc3 Nc6 4. g3 Nf6 5. Bg2 Be7 6. Nh3 O-O 7. Nf4 Rb8 8. O-O
b5 9. a3 a5 10. Re1 Qc7 11. Nh5 b4 12. axb4 axb4 13. Nb1 Nxh5 14. Qxh5 Nd4 15.
Qd1 d6 16. Nd2 Bf6 17. Nf3 Bd7 18. Rb1 Rb6 19. Nd2 Ra6 20. Nc4 Bc6 21. f4 Be7
22. c3 bxc3 23. bxc3 Ba4 24. Qg4 Bc2 25. Rb2 Bxd3 26. Ne3 Nc6 27. c4 Bf6 28.
Rb3 Nb4 29. Qd1 Qa5 30. Ra3 Qxa3 31. Bxa3 Rxa3 32. e5 dxe5 33. Ng4 Be7 34. Nxe5
Bf6 35. Be4 Bxe4 36. Rxe4 Rfa8 37. Kg2 Rd8 38. Qg1 Ra2+ 39. Kh3 Rdd2 40. Nf3
Rd8 41. g4 Ra3 42. Re3 Ra1 43. Re1 Ra3 44. Re3 Nd3 45. Qg3 Ra2 46. g5 Nf2+ 47.
Kh4 Be7 48. Ne5 f6 49. Nc6 fxg5+ 50. fxg5 Rd4+ 51. Nxd4 cxd4 52. Rf3 1-0

[Event "Madrid ch 2018 - semifinal"]
[Site "Madrid ESP"]
[Date "2018.05.12"]
[Round "8.14"]
[White "Alvarez Abejon, Amilcar"]
[Black "Fernandez Aransay, Fernando"]
[Result "1/2-1/2"]
[WhiteElo "1951"]
[BlackElo "1871"]
[PlyCount "73"]
[EventDate "2018.05.05"]
[EventType "swiss"]
[EventRounds "9"]
[EventCountry "ESP"]
[SourceTitle "Ajedrez en Madrid"]
[Source "lmi"]
[SourceDate "2018.05.05"]
[SourceVersion "1"]
[SourceVersionDate "2019.03.14"]
[SourceQuality "1"]

1. e4 c5 2. Nc3 d6 3. f4 Nc6 4. Bb5 Bd7 5. Nf3 g6 6. O-O Bg7 7. Bc4 e6 8. d3
Nge7 9. Qe1 Nd4 10. Nxd4 Bxd4+ 11. Kh1 Bc6 12. Nb5 Bg7 13. f5 gxf5 14. exf5 Be5
15. fxe6 f6 16. Bf4 a6 17. Bxe5 dxe5 18. Nc3 Rg8 19. Ne4 Bxe4 20. Qxe4 Qc7 21.
Rxf6 O-O-O 22. Re1 Rd4 23. Qf3 Rf4 24. Rxf4 exf4 25. a4 Rf8 26. Re4 Qd6 27. g3
Qc6 28. gxf4 b5 29. axb5 axb5 30. Bb3 Qa8 31. Qe2 Rxf4 32. Kg1 Rf8 33. Qe3 Kd8
34. Rf4 Rg8+ 35. Kf2 Qg2+ 36. Ke1 Qxh2 37. Rf2 1/2-1/2

[Event "Madrid ch 2018 - semifinal"]
[Site "Madrid ESP"]
[Date "2018.05.12"]
[Round "8.15"]
[White "Carrasco Coquillat, Jorge"]
[Black "Cabañas Bravo, Juan Andres"]
[Result "0-1"]
[WhiteElo "1840"]
[BlackElo "1936"]
[PlyCount "72"]
[EventDate "2018.05.05"]
[EventType "swiss"]
[EventRounds "9"]
[EventCountry "ESP"]
[SourceTitle "Ajedrez en Madrid"]
[Source "lmi"]
[SourceDate "2018.05.05"]
[SourceVersion "1"]
[SourceVersionDate "2019.03.14"]
[SourceQuality "1"]

1. c4 Nf6 2. Nc3 d5 3. cxd5 Nxd5 4. g3 g6 5. Bg2 Nb6 6. d3 Bg7 7. Be3 Nc6 8.
Qd2 Nd4 9. Nf3 Nf5 10. Bc5 O-O 11. O-O Re8 12. Qc2 e5 13. e3 Nd7 14. Ba3 Nf8
15. Rfd1 Ne6 16. Nd2 Rb8 17. Nce4 b6 18. b3 c5 19. Nc4 Bb7 20. Bb2 f6 21. Bh3
Qd5 22. Bg2 Qd7 23. Qe2 Ba8 24. h4 Rbd8 25. h5 Re7 26. hxg6 hxg6 27. Qg4 Qe8
28. Bf1 Red7 29. Be2 Nh6 30. Qh3 b5 31. Ncd2 f5 32. Nf6+ Bxf6 33. Qxh6 Rh7 34.
Qxh7+ Kxh7 35. f4 Ng7 36. Nf3 exf4 0-1

[Event "Madrid ch 2018 - semifinal"]
[Site "Madrid ESP"]
[Date "2018.05.12"]
[Round "8.16"]
[White "Cuellar Gutierrez, Raul"]
[Black "Garcia Serrano, Jose Manuel"]
[Result "1-0"]
[WhiteElo "1922"]
[BlackElo "1961"]
[PlyCount "71"]
[EventDate "2018.05.05"]
[EventType "swiss"]
[EventRounds "9"]
[EventCountry "ESP"]
[SourceTitle "Ajedrez en Madrid"]
[Source "lmi"]
[SourceDate "2018.05.05"]
[SourceVersion "1"]
[SourceVersionDate "2019.03.14"]
[SourceQuality "1"]

1. d4 d5 2. Nf3 Nf6 3. g3 e6 4. Bg2 Bd6 5. O-O O-O 6. c4 c6 7. Qc2 Nbd7 8. Nbd2
b6 9. e4 dxe4 10. Nxe4 Nxe4 11. Qxe4 Bb7 12. Rd1 Qc7 13. Ng5 Nf6 14. Qd3 h6 15.
Ne4 Nxe4 16. Qxe4 Rad8 17. Be3 Qe7 18. Rac1 f5 19. Qf3 Qf6 20. Bf4 g5 21. Bxd6
Rxd6 22. Qa3 Qd8 23. Qxa7 Rf7 24. Qa4 Rfd7 25. Qb3 Kg7 26. c5 bxc5 27. Rxc5 Ba8
28. Qc3 Rxd4 29. Rxd4 Rxd4 30. Bxc6 Bxc6 31. Rxc6 Kf7 32. Rc7+ Kg6 33. Qc6 Re4
34. Qd7 Re1+ 35. Kg2 Qf6 36. Qe8+ 1-0

[Event "Madrid ch 2018 - semifinal"]
[Site "Madrid ESP"]
[Date "2018.05.12"]
[Round "8.17"]
[White "Carrasco Coquillat, Alvaro"]
[Black "Martinez Aragon, Aitor"]
[Result "1/2-1/2"]
[WhiteElo "1869"]
[BlackElo "1823"]
[PlyCount "38"]
[EventDate "2018.05.05"]
[EventType "swiss"]
[EventRounds "9"]
[EventCountry "ESP"]
[SourceTitle "Ajedrez en Madrid"]
[Source "lmi"]
[SourceDate "2018.05.05"]
[SourceVersion "1"]
[SourceVersionDate "2019.03.14"]
[SourceQuality "1"]

1. d4 Nf6 2. Nf3 e6 3. c4 Bb4+ 4. Bd2 c5 5. Bxb4 cxb4 6. a3 bxa3 7. Rxa3 O-O 8.
Nc3 d6 9. e3 Nc6 10. Be2 a5 11. O-O Nb4 12. Na2 Nxa2 13. Rxa2 Bd7 14. Bd3 Bc6
15. Qe2 Be4 16. Bxe4 Nxe4 17. Nd2 Nxd2 18. Qxd2 Qc7 19. Rc1 b6 1/2-1/2

[Event "Madrid ch 2018 - semifinal"]
[Site "Madrid ESP"]
[Date "2018.05.12"]
[Round "8.18"]
[White "De Luna Butz, Alberto"]
[Black "Vazquez Gonzalez, Jesus"]
[Result "1/2-1/2"]
[WhiteElo "1815"]
[BlackElo "1977"]
[PlyCount "40"]
[EventDate "2018.05.05"]
[EventType "swiss"]
[EventRounds "9"]
[EventCountry "ESP"]
[SourceTitle "Ajedrez en Madrid"]
[Source "lmi"]
[SourceDate "2018.05.05"]
[SourceVersion "1"]
[SourceVersionDate "2019.03.14"]
[SourceQuality "1"]

1. Nf3 g6 2. c4 Bg7 3. Nc3 c5 4. d4 cxd4 5. Nxd4 Nc6 6. e3 Nf6 7. Be2 O-O 8.
O-O a6 9. Qd2 d6 10. b3 Nxd4 11. exd4 Bf5 12. Bb2 Qd7 13. d5 Rab8 14. a4 h5 15.
Bd3 Kh7 16. Bxf5 Qxf5 17. Rad1 Rbd8 18. h3 Rfe8 19. Rfe1 Nd7 20. Ne4 Bxb2
1/2-1/2

[Event "Madrid ch 2018 - semifinal"]
[Site "Madrid ESP"]
[Date "2018.05.12"]
[Round "8.19"]
[White "Vukotic Jovsic, Dragan"]
[Black "Fernandez Garcia, Ignacio"]
[Result "1-0"]
[WhiteElo "1958"]
[BlackElo "1804"]
[PlyCount "125"]
[EventDate "2018.05.05"]
[EventType "swiss"]
[EventRounds "9"]
[EventCountry "ESP"]
[SourceTitle "Ajedrez en Madrid"]
[Source "lmi"]
[SourceDate "2018.05.05"]
[SourceVersion "1"]
[SourceVersionDate "2019.03.14"]
[SourceQuality "1"]

1. d4 c5 2. c3 Nf6 3. Bf4 Qb6 4. Qb3 Nc6 5. e3 Na5 6. Qb5 Qxb5 7. Bxb5 a6 8.
Be2 Nd5 9. Bg3 cxd4 10. exd4 b5 11. Nd2 Bb7 12. a4 bxa4 13. Rxa4 Nc6 14. Nc4 a5
15. Bf3 e6 16. Bxd5 exd5 17. Nb6 Ra6 18. Nxd5 Kd8 19. Nf3 f6 20. Kd2 d6 21.
Rha1 Kd7 22. Nb4 Nxb4 23. cxb4 d5 24. bxa5 Bc6 25. R4a2 Bb4+ 26. Kc2 Bb5 27.
Bf4 g5 28. Bd2 Bd6 29. h3 h5 30. b4 Rc8+ 31. Kb2 Bc4 32. Ra3 Kc6 33. Bc3 Kb5
34. Ra4 Re8 35. Be1 Re2+ 36. Kc3 g4 37. hxg4 hxg4 38. Nd2 Rxe1 39. Nxc4 dxc4
40. Rxe1 Kxa4 41. Kxc4 Bxb4 42. Re4 f5 43. Re5 Rf6 44. a6 Rf7 45. a7 Rxa7 46.
Rxf5 Bd2 47. d5 Rc7+ 48. Kd3 Bc1 49. d6 Rd7 50. Rd5 Kb3 51. Ke4 Kc4 52. Ke5
Bf4+ 53. Ke6 Ra7 54. d7 Ra6+ 55. Kf5 Bc7 56. d8=Q Bxd8 57. Rxd8 Ra2 58. Kxg4
Rxf2 59. g3 Kc5 60. Kg5 Kc6 61. g4 Kc7 62. Rd3 Rf7 63. Kg6 1-0

[Event "Madrid ch 2018 - semifinal"]
[Site "Madrid ESP"]
[Date "2018.05.13"]
[Round "9.1"]
[White "Torres Boch, Jose Francisco"]
[Black "Aguilera Lopez, Alejandro"]
[Result "0-1"]
[WhiteElo "2137"]
[BlackElo "2098"]
[PlyCount "142"]
[EventDate "2018.05.05"]
[EventType "swiss"]
[EventRounds "9"]
[EventCountry "ESP"]
[SourceTitle "Ajedrez en Madrid"]
[Source "lmi"]
[SourceDate "2018.05.05"]
[SourceVersion "1"]
[SourceVersionDate "2019.03.14"]
[SourceQuality "1"]

1. e4 c5 2. Nf3 e6 3. d4 cxd4 4. Nxd4 Nf6 5. Nc3 Nc6 6. Ndb5 Bb4 7. a3 Bxc3+ 8.
Nxc3 d5 9. exd5 exd5 10. Bd3 O-O 11. O-O d4 12. Ne2 Bg4 13. f3 Bd7 14. Bg5 Re8
15. Qd2 h6 16. Bxh6 gxh6 17. Qxh6 Rxe2 18. Qg5+ Kf8 19. Bxe2 Qe7 20. Qh6+ Kg8
21. Bc4 Qe3+ 22. Qxe3 dxe3 23. Rfe1 Nd4 24. Rad1 Nxc2 25. Re2 Bf5 26. Bd3 Bxd3
27. Rxd3 Rc8 28. Rc3 Rxc3 29. bxc3 Nxa3 30. Rxe3 Kf8 31. Re5 Nc4 32. Rc5 Nd6
33. Ra5 a6 34. g4 Nfe8 35. Kf2 Nc4 36. Ra4 Ned6 37. h4 a5 38. Ra1 b5 39. Ke2 a4
40. Kd3 Na5 41. f4 Nb3 42. Rh1 Nc4 43. h5 Kg7 44. g5 Nc5+ 45. Kd4 Ne6+ 46. Ke4
a3 47. Kf5 Ne3+ 48. Ke4 Nc4 49. h6+ Kh7 50. Ra1 Nc5+ 51. Kf5 Nd3 52. Kf6 Nxf4
53. Kxf7 Ng6 54. Kf6 Nf4 55. Rd1 Nb6 56. Kf5 Ng6 57. Rb1 Nc4 58. Kf6 Nf8 59.
Rxb5 Nd7+ 60. Ke6 a2 61. Rb7 a1=Q 62. Rxd7+ Kg6 63. Rg7+ Kh5 64. h7 Qa6+ 65.
Ke7 Qb7+ 66. Kf8 Qc8+ 67. Ke7 Qc7+ 68. Kf8 Qd8+ 69. Kf7 Ne5+ 70. Ke6 Ng6 71. c4
Kxg5 0-1

[Event "Madrid ch 2018 - semifinal"]
[Site "Madrid ESP"]
[Date "2018.05.13"]
[Round "9.2"]
[White "Martinez Fernandez, Raul"]
[Black "De la Fuente Gonzalez, Francisco"]
[Result "1-0"]
[WhiteElo "2176"]
[BlackElo "2213"]
[PlyCount "98"]
[EventDate "2018.05.05"]
[EventType "swiss"]
[EventRounds "9"]
[EventCountry "ESP"]
[SourceTitle "Ajedrez en Madrid"]
[Source "lmi"]
[SourceDate "2018.05.05"]
[SourceVersion "1"]
[SourceVersionDate "2019.03.14"]
[SourceQuality "1"]

1. e4 e5 2. Nf3 Nf6 3. Nxe5 d6 4. Nf3 Nxe4 5. c4 c6 6. Nc3 Nf6 7. d4 Bg4 8. Bd3
Be7 9. Be3 Nbd7 10. Qc2 O-O 11. Nh4 d5 12. c5 b6 13. cxb6 axb6 14. O-O c5 15.
f3 Be6 16. Nf5 c4 17. Be2 Bxf5 18. Qxf5 g6 19. Qh3 Re8 20. Bd1 Ba3 21. Bc1 Be7
22. f4 Bf8 23. f5 Bg7 24. Bg5 Ra5 25. fxg6 hxg6 26. Ba4 Rxa4 27. Nxa4 b5 28.
Nc3 Qb6 29. Rad1 Qc6 30. Qf3 b4 31. Nb1 Qe6 32. Bd2 Qb6 33. Kh1 Re7 34. a3 b3
35. Bb4 Re8 36. Nc3 Qe6 37. Rd2 Ne4 38. Nxe4 dxe4 39. d5 Qf6 40. Qe2 Qg5 41.
Qxc4 e3 42. Re2 Ne5 43. Qc7 f5 44. Bc3 f4 45. Qb7 Rd8 46. Qxb3 Ng4 47. d6+ Kh7
48. Qf7 Rg8 49. Rf3 Qh6 1-0